书目信息 |
| 题名: |
专利文献通报
|
|
| 作者: | 中国专利局文献服务中心 编 | |
| 分册: | ||
| 出版信息: | 上海 上海科学技术文献出版社 1985 |
|
| 页数: | 295页 | |
| 开本: | 20cm | |
| 丛书名: | ||
| 单 册: | ||
| 中图分类: | N18 | |
| 科图分类: | ||
| 主题词: | 自然科学--创造发明 , 自然科学--先进经验 | |
| 电子资源: | ||
| ISBN: | ||
| 000 | 00684nam0 2200217 45 | |
| 001 | 0312221749 | |
| 005 | 20040517103730.1 | |
| 010 | @dCNY4.25 | |
| 091 | @a15192.361 | |
| 100 | @a20031222d1985 km y0chiy0120 ea | |
| 101 | @achi | |
| 105 | @a z 000yy | |
| 200 | 1 | @a专利文献通报@AZhuan Li Wen Xian Tong Bao@e光学与照相(1985第4期)@f中国专利局文献服务中心编@FZhong Guo Zhuan Li Ju Wen XianFu Wu Zhong Xin Bian |
| 210 | @a上海@c上海科学技术文献出版社@d1985 | |
| 215 | @a295页@d20cm | |
| 606 | 0 | @a自然科学@x创造发明 |
| 606 | 0 | @a自然科学@x先进经验 |
| 690 | @aN18@v3 | |
| 701 | 0 | @a中国专利局文献服务中心@4编 |
| 801 | @aCN@bTSTCL@c20031222 | |
| 905 | @dN18@e28:37(4/85)@f1@b160878 | |
| 专利文献通报:光学与照相(1985第4期)/中国专利局文献服务中心编.-上海:上海科学技术文献出版社,1985 |
| 295页;20cm |
| ISBN :CNY4.25 |
| ● |
| 相关链接 |
|
|
|
|
正题名:专利文献通报
索取号:N18/28:37(4/85)
 
预约/预借
| 序号 | 登录号 | 条形码 | 馆藏地/架位号 | 状态 | 备注 |
| 1 | 0160878 | 000565613 | 第三借阅区/ [索取号:N18/28:37(4/85)] | 在馆 | |
| 2 | 0160879 | 000565668 | 第二样本阅览室/ [索取号:N18/28:37(4/85)] | 在馆 |